Informatika
Na minha lista:
| Autor principal: | |
|---|---|
| Autor Corporativo: | |
| Outros Autores: | , , , |
| Formato: | Livro |
| Idioma: | eslovaco |
| Publicado em: |
Bratislava
Edičné stredisko EU
1994
|
| Edição: | 1. vyd. |
| Assuntos: | |
| Tags: |
Sem tags, seja o primeiro a adicionar uma tag!
|
MARC
| LEADER | 00000nam a2200000 4500 | ||
|---|---|---|---|
| 001 | c010571 | ||
| 005 | 20221214075324.5 | ||
| 020 | |a 80-225-0603-6 | ||
| 041 | 0 | |a slo | |
| 044 | |a SK | ||
| 245 | 1 | 0 | |a Informatika |c kolektív autorov |
| 250 | |a 1. vyd. | ||
| 264 | 1 | |a Bratislava |b Edičné stredisko EU |c 1994 | |
| 300 | |a 334 s. | ||
| 610 | 2 | 0 | |a informatika ekonomická |
| 610 | 2 | 0 | |a kybernetika |
| 610 | 2 | 0 | |a systémy informačné |
| 610 | 2 | 0 | |a teória systémov informačných |
| 610 | 2 | 0 | |a počítače |
| 610 | 2 | 0 | |a pamäť počítača |
| 610 | 2 | 0 | |a nosiče dát |
| 610 | 2 | 0 | |a zariadenia počítača vstupné |
| 610 | 2 | 0 | |a zariadenia počítača výstupné |
| 610 | 2 | 0 | |a systémy operačné |
| 610 | 2 | 0 | |a siete počítačové |
| 610 | 2 | 0 | |a dáta |
| 100 | 1 | |a Zabák, Z. | |
| 700 | 1 | |a Kvietková, Anna | |
| 700 | 1 | |a Kokles, Mojmír | |
| 700 | 1 | |a Kristová, Gabriela | |
| 700 | 1 | |a Závodný, Peter | |
| 710 | 2 | |a Ekonomická univerzita v Bratislave. Fakulta hospodárskej informatiky | |